000 00234nam a22000857a 4500
008 161201b xxu||||| |||| 00| 0 eng d
100 _91692
_aMethodex Com.Tech.
245 _aComputer Science Part-1
260 _aNew Delhi
_bMethodex Comp.Tech.
999 _c4404
_d4404